Comedias
Saved in:
| Main Author: | |
|---|---|
| Format: | Book |
| Language: | Spanish |
| Published: |
Madrid
Cátedra
2013
|
| Edition: | 9a. ed |
| Series: | Letras Universales, 125-126
|
| Subjects: | |
| Tags: |
Add Tag
No Tags, Be the first to tag this record!
|
MARC
| LEADER | 00000cam a2200000 a 4500 | ||
|---|---|---|---|
| 001 | UCE9300 | ||
| 003 | CL-VaPUC | ||
| 008 | 151016e20130000sp |||||||||||||||||spa|d | ||
| 020 | |a 9788437608570 | ||
| 082 | 0 | 4 | |a 872 |b PLA |2 21 |
| 100 | 0 | |a Plauto |e author |9 582111 | |
| 245 | 1 | 0 | |a Comedias |
| 250 | |a 9a. ed | ||
| 300 | |a v | ||
| 942 | |c BK | ||
| 945 | |d 20151016 11:50:00 |a dcastane | ||
| 260 | |a Madrid |b Cátedra |c 2013 | ||
| 650 | 7 | |a COMEDIAS LATINAS |2 CL-VaPUC |9 265079 | |
| 650 | 0 | |a Literatura latina |9 258055 | |
| 583 | |a last modification |c 20151016 11:50:00 |k Rodrigo Vera | ||
| 490 | 0 | |a Letras Universales, 125-126 | |
| 999 | |c 360969 |d 360967 | ||
| 952 | |0 0 |1 0 |3 erb |4 0 |6 872_000000000000000_PLA_2013 |7 0 |8 A |9 471256 |a BIBEDU |b BIBEDU |h v.1 |i 5242541 |l 3 |o 872 PLA 2013 |p 5242541 |r 2023-12-13 |s 2023-12-07 |w 2019-11-24 |y BK |z Catalogado en:20151016 |k LIT | ||
| 952 | |0 0 |1 0 |3 erb |4 0 |6 872_000000000000000_PLA_2013 |7 0 |8 A |9 471257 |a BIBEDU |b BIBEDU |h v.2 |i 524255K |l 3 |o 872 PLA 2013 |p 524255K |r 2022-07-01 |s 2022-07-01 |w 2019-11-24 |y BK |z Catalogado en:20151016 |k LIT | ||